<?xml version="1.0" encoding="UTF-8"?>
<record
    xmlns:xsi="http://www.w3.org/2001/XMLSchema-instance"
    xsi:schemaLocation="http://www.loc.gov/MARC21/slim http://www.loc.gov/standards/marcxml/schema/MARC21slim.xsd"
    xmlns="http://www.loc.gov/MARC21/slim">

  <leader>01153nam a2200337   4500</leader>
  <controlfield tag="001">000</controlfield>
  <controlfield tag="005">20170717102028.0</controlfield>
  <controlfield tag="006">000</controlfield>
  <controlfield tag="007">000</controlfield>
  <controlfield tag="008">000</controlfield>
  <datafield tag="010" ind1=" " ind2=" ">
    <subfield code="a">   88012960 </subfield>
  </datafield>
  <datafield tag="020" ind1=" " ind2=" ">
    <subfield code="a">0470211571 (Halsted)</subfield>
  </datafield>
  <datafield tag="020" ind1=" " ind2=" ">
    <subfield code="a">0745801943 (Ellis Horwood Limited) :</subfield>
    <subfield code="c">&#xA3;58.50</subfield>
  </datafield>
  <datafield tag="040" ind1=" " ind2=" ">
    <subfield code="a">UOEL</subfield>
    <subfield code="c">DLC</subfield>
    <subfield code="d">DLC</subfield>
  </datafield>
  <datafield tag="050" ind1="0" ind2="0">
    <subfield code="a">RA1235</subfield>
    <subfield code="b">.F38 1988</subfield>
  </datafield>
  <datafield tag="082" ind1="0" ind2="0">
    <subfield code="a">615.9</subfield>
    <subfield code="2">19</subfield>
  </datafield>
  <datafield tag="100" ind1="1" ind2=" ">
    <subfield code="a">Fawell, J. K.</subfield>
    <subfield code="q">(John Kirtley),</subfield>
    <subfield code="d">1945-</subfield>
  </datafield>
  <datafield tag="245" ind1="1" ind2="0">
    <subfield code="a">Environmental toxicology :</subfield>
    <subfield code="b">organic pollutants /</subfield>
    <subfield code="c">J.K. Fawell and S. Hunt.</subfield>
  </datafield>
  <datafield tag="260" ind1=" " ind2=" ">
    <subfield code="a">Chichester, West Sussex :</subfield>
    <subfield code="b">E. Horwood ;</subfield>
    <subfield code="a">New York :</subfield>
    <subfield code="b">Halsted Press,</subfield>
    <subfield code="c">1988.</subfield>
  </datafield>
  <datafield tag="300" ind1=" " ind2=" ">
    <subfield code="a">440 p. :</subfield>
    <subfield code="b">ill. ;</subfield>
    <subfield code="c">25 cm.</subfield>
  </datafield>
  <datafield tag="490" ind1="1" ind2=" ">
    <subfield code="a">Ellis Horwood series in water and wastewater technology</subfield>
  </datafield>
  <datafield tag="504" ind1=" " ind2=" ">
    <subfield code="a">Includes bibliographical references and index.</subfield>
  </datafield>
  <datafield tag="650" ind1=" " ind2="0">
    <subfield code="a">Organic water pollutants</subfield>
    <subfield code="x">Toxicology.</subfield>
  </datafield>
  <datafield tag="650" ind1=" " ind2="0">
    <subfield code="a">Organic water pollutants</subfield>
    <subfield code="x">Analysis.</subfield>
  </datafield>
  <datafield tag="650" ind1=" " ind2="0">
    <subfield code="a">Gas chromatography.</subfield>
  </datafield>
  <datafield tag="650" ind1=" " ind2="0">
    <subfield code="a">Mass spectrometry.</subfield>
  </datafield>
  <datafield tag="700" ind1="1" ind2=" ">
    <subfield code="a">Hunt, S.</subfield>
    <subfield code="q">(Stephen),</subfield>
    <subfield code="d">1961-</subfield>
  </datafield>
  <datafield tag="830" ind1=" " ind2="0">
    <subfield code="a">Ellis Horwood series, water and wastewater technology.</subfield>
  </datafield>
  <datafield tag="906" ind1=" " ind2=" ">
    <subfield code="a">7</subfield>
    <subfield code="b">cbc</subfield>
    <subfield code="c">orignew</subfield>
    <subfield code="d">1</subfield>
    <subfield code="e">ocip</subfield>
    <subfield code="f">19</subfield>
    <subfield code="g">y-gencatlg</subfield>
  </datafield>
  <datafield tag="942" ind1=" " ind2=" ">
    <subfield code="2">lcc</subfield>
    <subfield code="c">SBK</subfield>
  </datafield>
  <datafield tag="999" ind1=" " ind2=" ">
    <subfield code="c">13187</subfield>
    <subfield code="d">13187</subfield>
  </datafield>
  <datafield tag="952" ind1=" " ind2=" ">
    <subfield code="0">0</subfield>
    <subfield code="1">0</subfield>
    <subfield code="2">lcc</subfield>
    <subfield code="4">0</subfield>
    <subfield code="7">0</subfield>
    <subfield code="a">UOE</subfield>
    <subfield code="b">UOE</subfield>
    <subfield code="c">GEN</subfield>
    <subfield code="d">2017-07-17</subfield>
    <subfield code="l">0</subfield>
    <subfield code="o">RA1235 .F38 1988</subfield>
    <subfield code="p">10035867</subfield>
    <subfield code="r">2026-04-27 11:56:16</subfield>
    <subfield code="t">10035867</subfield>
    <subfield code="w">2017-07-17</subfield>
    <subfield code="y">SBK</subfield>
  </datafield>
  <datafield tag="952" ind1=" " ind2=" ">
    <subfield code="0">0</subfield>
    <subfield code="1">0</subfield>
    <subfield code="2">lcc</subfield>
    <subfield code="4">0</subfield>
    <subfield code="7">0</subfield>
    <subfield code="a">UOE</subfield>
    <subfield code="b">UOE</subfield>
    <subfield code="c">GEN</subfield>
    <subfield code="d">2017-08-04</subfield>
    <subfield code="l">0</subfield>
    <subfield code="o">RA1235 .F38 1988</subfield>
    <subfield code="p">10004180</subfield>
    <subfield code="r">2026-04-27 11:56:16</subfield>
    <subfield code="t">10004180</subfield>
    <subfield code="w">2017-08-04</subfield>
    <subfield code="y">SBK</subfield>
  </datafield>
  <datafield tag="952" ind1=" " ind2=" ">
    <subfield code="0">0</subfield>
    <subfield code="1">0</subfield>
    <subfield code="2">lcc</subfield>
    <subfield code="4">0</subfield>
    <subfield code="7">0</subfield>
    <subfield code="a">UOE</subfield>
    <subfield code="b">UOE</subfield>
    <subfield code="c">GEN</subfield>
    <subfield code="d">2017-08-04</subfield>
    <subfield code="l">0</subfield>
    <subfield code="o">RA1235 .F38 1988</subfield>
    <subfield code="p">10004179</subfield>
    <subfield code="r">2026-04-27 11:56:16</subfield>
    <subfield code="t">10004179</subfield>
    <subfield code="w">2017-08-04</subfield>
    <subfield code="y">SBK</subfield>
  </datafield>
</record>
